Click the Time Zone: Europe Quiz Stats

 Plays Quiz Updated Sep 13, 2016

Score 0/8 Timer 01:30
2 Plays Today
% Correct
UTC +1:00
93.2%
UTC -3:00
91.2%
UTC +3:00
87.5%
UTC +2:00
87.2%
UTC +5:00
84%
UTC +0:00
83.8%
UTC -1:00
62.4%
UTC +4:00
58.6%

You're not logged in!

Compare scores with friends on all Sporcle quizzes.
OR
Log In

You Might Also Like...

Show Comments

Extras

Top Quizzes Today


Score Distribution

Your Account Isn't Verified!

In order to create a playlist on Sporcle, you need to verify the email address you used during registration. Go to your Sporcle Settings to finish the process.

Report this User

Report this user for behavior that violates our Community Guidelines.

Details: